Songs By Artist: The Beatles - Statistics

General Stats
  • This quiz has been taken 336 times
  • The average score is 19 of 25
Answer Stats
Answer Hint % Correct
{Hey Jude}, don't make it bad... Take a sad song and make it better... Remember to let her into your heart... Then you can start to make it better... Hey Jude
95%
She is standing right in front of me... Speaking words of wisdom... {Let It Be}... {Let It Be}, {Let It Be}...{Let It Be}, {Let It Be}... Whisper words of wisdom... {Let It Be}... Let It Be
94%
{Help}, I need somebody... {Help}, not just anybody... {Help}, you know I need someone... {Help}! Help!
93%
So we sailed onto the sun... 'Til we found the sea of green... And we lived beneath the waves... In our {Yellow Submarine}... Yellow Submarine
91%
Ah, look at all the lonely people... Ah, look at all the lonely people... {Eleanor Rigby}... Eleanor Rigby
89%
I said something wrong... Now I long for {Yesterday}... {Yesterday}, love was such an easy game to play... Yesterday
88%
Well, shake it up, baby, now (Shake it up, baby)... {Twist and Shout} ({Twist and Shout})... Twist and Shout
86%
{Blackbird} singing in the dead of night... Take these broken wings and learn to fly... All your life... You were only waiting for this moment to arise... Blackbird
84%
Oh, yeah, I'll tell you something... I think you'll understand... When I say that something... {I Wanna Hold Your Hand}... {I Wanna Hold Your Hand}... {I Wanna Hold Your Hand}... I Want To Hold Your Hand
84%
{All You Need Is Love}... {All You Need Is Love}, love... Love is all you need... All You Need Is Love
82%
He say I know you, you know me... One thing I can tell you is you got to be free... {Come Together}, right now, over me... Come Together
81%
Let me take you down... 'Cause I'm going to {Strawberry Fields}... Nothing is real... And nothing to get hung about... {Strawberry Fields Forever}... Strawberry Fields Forever
80%
{Something} in the way she moves... Attracts me like no other lover... {Something} in the way she woos me... I don't wanna leave her now... You know I believe and how... Something
79%
You say you want a {Revolution}... Well, you know... We all want to change the world... You tell me that it's evolution... Well, you know... Revolution
76%
{Penny Lane} there is a barber showing photographs... Of every head he's had the pleasure to know... And all the people that come and go... Stop and say "Hello"... Penny Lane
74%
{Here Comes The Sun}, doo-doo-doo-doo... {Here Comes The Sun}, and I say... It's Alright Here Comes The Sun
70%
With lovers and friends, I still can recall... Some are dead and some are living... {In My Life}, I've loved them all... In My Life
68%
Got a good reason... For taking the easy way out... Got a good reason... For taking the easy way out now... She was a {Day Tripper}... One way ticket, yeah... Day Tripper
63%
So may I introduce to you... The act you've known for all these years... {Sgt. Pepper's Lonely Hearts Club Band}... Sgt. Pepper's Lonely Hearts Club Band
62%
I look at you all, see the love there that's sleeping... {While My Guitar Gently Weeps}... Look at you all... While My Guitar Gently Weeps
56%
{Lady Madonna}, children at your feet... Wonder how you manage to make ends meet... Who finds the money when you pay the rent?... Did you think that money was heaven sent?... Lady Madonna
56%
Tell me, tell me, tell me, come on tell me the answer... Well, you may be a lover, but you ain't no dancer... Now, {Helter Skelter}... {Helter Skelter}... {Helter Skelter}... Helter Skelter
56%
I'm {Back In The U.S.S.R.}... You don't know how lucky you are, boy... I'm {Back In The U.S.S.R.}... Back In The U.S.S.R.
54%
She gives me everything... And tenderly... The kiss my lover brings... She brings to me... {And I Love Her}... And I Love Her
51%
Everywhere people stare... Each and ev'ryday... I can see them laugh at me... I can see them laugh at me... And I hear them say... Hey, {You've Got To Hide Your Love Away}... Hey, {You've Got To Hide Your Love Away}... You've Got To Hide Your Love Away
40%
No matching quizzes found
Score Distribution
Percent of People with Each Score
Percentile by Number Answered
Your Score History
You have not taken this quiz